Statistics for video game characters

Click here to take the quiz!

General Stats

  • This quiz has been taken 14 times
  • The average score is 7 of 8

Answer Stats

Answer% Correct
luigi
100%
mario
100%
pac man
100%
yoshi
100%
charmander
90%
mew
90%
goomba
80%
squirtle
70%

Score Distribution

Percentile by Number Answered

Percent of People with Each Score

Your Score History

You have not taken this quiz